00430nam a2200133 a 45000010005000000030005000050050017000100080041000270400020000681000025000882450124001132600040002373000019002775832CDMR20131025101040.0130220s1965||||||||||||||||||||||||||||d aCDMRbcatcCDMR1 aMora, Juan Miguel de10aMisión de prensa en Españab: un pueblo en lucha heroica : las tribulaciones de Fraga IribarnecJuan Miguel de Mora aMéxicobComunidad Ibéricac1965 a94 p. ;c22 cm